00809nam a2200217 a 450000100100000000500170001000800410002702000150006804000250008308200150010824500490012326000340017230000350020649000230024150000550026450000730031970000370039283000320042995201130046199900170057400004316920201002040706.0140220s1993 sp ab 000 0 spa d a8476832079 aDO-SdBNPbspacBNPHU axxxbC419c03aLa cervantiada /cedición de Julio Ortega. aMadrid :bLibertarias,c1993. a316 p. :bil., mapas ;c22 cm.1 aLas dos orillasv1 aIncluye datos biográficos del autor en la solapa aIncluye referencias bibliográficas y notas al pie de las páginas12aOrtega, Julio,d1942-eed.98984 0aLas dos orillas ;n1970744 001050718MOaGRbGRcCTd2014-02-20iLF1l0oxxx C419cp43169-10r2020-06-25w2020-06-25y1ZNo se presta c42658d42658